000 01687nam2a2200289 4500
001 RU\NLR\BIBL_A\022543295
005 20250731113648.0
010 _a978-5-392-43952-2
_93500
021 _aRU
_bКН-П-25-018460
_9КН-П-25-1871
035 _a(NLR Aleph) 022543295
090 _a13410469
_c13410469
100 _a20250516d2025 k y0rusy50 ca
101 0 _arus
102 _aRU
105 _aabchz 000yd
200 1 _aПетр I
_iНачало
210 _d2025
215 _a375, [1] с.
_cил., карты, портр., факс.
461 0 _1001RU\NLR\BIBL_A\022434276
_12001#$aРассказы из русской истории$eна основе курса лекций в Лектории "Достоевский" и программы на канале "Культура" ВГТРК$fВладимир Мединский$vКн. 3
_1700#1$aМединский$bВ. Р.$f1970-$gВладимир Ростиславович$3RU\NLR\AUTH\7719675
_913532542
_aМединский, В. Р. (1970-)
_cМосква
_d2025–
_fВладимир Мединский
_nПроспект
_oна основе курса лекций в Лектории "Достоевский" и программы на канале "Культура" ВГТРК
_p22
_tРассказы из русской истории
_vКн. 3
600 0 _aПетр
_cимператор российский
_dI
_f1672 - 1725
_91224899
_3RU\NLR\AUTH\66180638
686 1 _aТ3(2)462,022.1
702 0 _4280
_7ca
_8rus
_aПетр
_cимператор российский
_dI
_f1672-1725
_9118743
_3RU\NLR\AUTH\778862
942 _cBOOK
980 _aNB
980 _aNB